Statistics for Zig zag north and east from Santiago

Click here to take the quiz!

General Stats

  • This quiz has been taken 49 times
  • The average score is 25 of 32

Answer Stats

Starting CityDirectionCountry% Correct
Lima
100%
SantiagoNPeru
100%
EBolivia
95%
Sucre
95%
Brasilia
93%
NBrazil
93%
NDemocratic Republic of the Congo
77%
Kinshasa
77%
Moscow
77%
ERussia
77%
EAngola
74%
Beijing
74%
EChina
74%
Dodoma
74%
Kigali
74%
Luanda
74%
NMongolia
74%
NRwanda
74%
ETanzania
74%
Ulaanbaatar (fly over China)
74%
EIndia
72%
NKenya
72%
Mogadishu
72%
Nairobi
72%
New Delhi
72%
ESomalia
72%
Addis Ababa (fly over Somalia)
70%
NEthiopia
70%
Islamabad
70%
NPakistan
70%
Bujumbura
63%
EBurundi
63%

Score Distribution

Percentile by Number Answered

Percent of People with Each Score

Your Score History

You have not taken this quiz